000 00410pab a2200157 454500
008 180718b2009 xxu||||| |||| 00| 0 eng d
100 _aKangas, Philip J.
245 _aManaging the multi-sector workforce through public managementy collaboration
260 _c2009
300 _ap.45-51.
362 _aFall
650 _aPublic administration
773 _aPublic Manager
908 _aN
909 _a84601
999 _c84601
_d84601